[Event "Bayern-ch op Seniors 26th"]
[Site "Bergen"]
[Date "2014.06.25"]
[Round "6"]
[White "Oser, Thor"]
[Black "Jurgan, Brigitte"]
[Result "1-0"]
[WhiteElo "1622"]
[BlackElo "1225"]
[PlyCount "57"]
[EventDate "2014.06.21"]
[EventType "swiss"]
[EventRounds "7"]
[EventCountry "GER"]
[SourceTitle "EXT 2018"]
[Source "ChessBase"]
[SourceDate "2017.10.13"]
[SourceVersion "1"]
[SourceVersionDate "2017.10.13"]
[SourceQuality "1"]

1. d4 d5 2. e3 Nf6 3. Bd3 g6 4. Nd2 c6 5. f4 Bg4 6. Ngf3 e6 7. h3 Bxf3 8. Qxf3 Bg7 9. g4 Nbd7 10. c3 a6 11. g5 Ng8 12. h4 Ne7 13. e4 dxe4 14. Nxe4 Qc7 15. b3 Nf5 16. Bb2 Qa5 17. Nd2 b5 18. Qxc6 Qd8 19. Qf3 Nb6 20. h5 Nd5 21. hxg6 fxg6 22. Bxf5 exf5 23. 0-0-0 Ra7 24. Rde1+ Re7 25. Rxe7+ Kxe7 26. c4 bxc4 27. bxc4 Nb4 28. Qb7+ Kf8 29. Qxb4+ 1-0

[Event "Bayern-ch op Seniors 26th"]
[Site "Bergen"]
[Date "2014.06.22"]
[Round "2"]
[White "Jurgan, Brigitte"]
[Black "Weyand, Fernand"]
[Result "1/2-1/2"]
[WhiteElo "1225"]
[BlackElo "1587"]
[PlyCount "63"]
[EventDate "2014.06.21"]
[EventType "swiss"]
[EventRounds "7"]
[EventCountry "GER"]
[SourceTitle "EXT 2018"]
[Source "ChessBase"]
[SourceDate "2017.10.13"]
[SourceVersion "1"]
[SourceVersionDate "2017.10.13"]
[SourceQuality "1"]

1. d4 Nf6 2. Nf3 e6 3. c3 d5 4. Bg5 Be7 5. Bxf6 Bxf6 6. g3 Nd7 7. Bg2 0-0 8. 0-0 c5 9. e3 Qb6 10. Qb3 c4 11. Qxb6 axb6 12. Nbd2 b5 13. a3 Nb6 14. Rab1 Bd7 15. Rfe1 Bc6 16. e4 dxe4 17. Nxe4 Bxe4 18. Rxe4 Nd5 19. Ne5 Be7 20. Ree1 Rfd8 21. Bxd5 Rxd5 22. f4 g6 23. Nf3 Kg7 24. Re5 Rad8 25. Rbe1 Bf6 26. Rxd5 Rxd5 27. Re2 Kf8 28. Nd2 Ke8 29. Ne4 Be7 30. h4 Kd8 31. Nd2 h5 32. Nf3 1/2-1/2

[Event "Bayern-ch Seniors 25th"]
[Site "Bergen"]
[Date "2013.06.16"]
[Round "2.46"]
[White "Jurgan, Brigitte"]
[Black "Ludwig, Ines"]
[Result "0-1"]
[WhiteElo "1281"]
[BlackElo "1599"]
[PlyCount "76"]
[EventDate "2013.06.15"]
[EventType "swiss"]
[EventRounds "9"]
[EventCountry "GER"]
[SourceTitle "EXT 2022"]
[Source "ChessBase"]
[SourceDate "2021.10.06"]
[SourceVersion "1"]
[SourceVersionDate "2021.10.06"]
[SourceQuality "1"]

1. d4 d5 2. Nf3 e6 3. g3 Bd6 4. Bg2 Nd7 5. c3 f5 6. Bg5 Ngf6 7. e3 0-0 8. 0-0 Qe8 9. Bxf6 Rxf6 10. Nbd2 c6 11. Re1 h5 12. h4 e5 13. dxe5 Nxe5 14. Nxe5 Bxe5 15. f4 Bc7 16. Nf1 Bb6 17. Bf3 g6 18. Rc1 Re6 19. Qd3 a5 20. a4 Bc5 21. c4 d4 22. e4 Kh7 23. Re2 Re7 24. Rec2 Be6 25. e5 Rd8 26. b3 Rc7 27. Rb2 b5 28. Kg2 bxa4 29. bxa4 Bb4 30. Nd2 c5 31. Nb3 Rb8 32. Kf2 Qd7 33. Rcc2 Qe8 34. Nd2 Bxd2 35. Rxd2 Rb4 36. Ra2 Rxa4 37. Rxa4 Qxa4 38. Bd1 Qb4 0-1

[Event "Bayern-ch Seniors 24nd"]
[Site "Bergen"]
[Date "2012.06.20"]
[Round "5"]
[White "Jurgan, Brigitte"]
[Black "Sobottka, Manfred"]
[Result "1/2-1/2"]
[WhiteElo "1239"]
[BlackElo "1417"]
[PlyCount "65"]
[EventDate "2012.06.16"]
[EventType "swiss"]
[EventRounds "9"]
[EventCountry "GER"]
[SourceTitle "EXT 2015"]
[Source "ChessBase"]
[SourceDate "2014.11.20"]
[SourceVersion "1"]
[SourceVersionDate "2014.11.20"]
[SourceQuality "1"]

1. d4 Nf6 2. Nf3 d5 3. g3 Bf5 4. Bg2 Nbd7 5. 0-0 h6 6. Bf4 e6 7. Nbd2 Be7 8. Ne5 g5 9. Be3 Nxe5 10. dxe5 Nd7 11. f4 g4 12. c3 h5 13. Kf2 c6 14. Rh1 Bc5 15. Nf1 Qb6 16. Qd3 Qc7 17. Qd1 Bxe3+ 18. Nxe3 Qb6 19. b4 a5 20. a3 0-0-0 21. Qd4 Qxd4 22. cxd4 axb4 23. axb4 Be4 24. Bxe4 dxe4 25. Ra8+ Kc7 26. Rxd8 Rxd8 27. Ra1 f5 28. Nc4 Nb6 29. Nxb6 Kxb6 30. e3 Rd5 31. Rb1 Kc7 32. Ke2 b6 33. Kd2 1/2-1/2

[Event "Bad Wiessee Seniors op"]
[Site "Bad Wiessee"]
[Date "2012.04.27"]
[Round "7"]
[White "Jurgan, Brigitte"]
[Black "Komeinda, Josef"]
[Result "0-1"]
[WhiteElo "1220"]
[BlackElo "1457"]
[PlyCount "113"]
[EventDate "2012.04.21"]
[EventType "swiss"]
[EventRounds "9"]
[EventCountry "GER"]
[SourceTitle "EXT 2015"]
[Source "ChessBase"]
[SourceDate "2014.11.20"]
[SourceVersion "1"]
[SourceVersionDate "2014.11.20"]
[SourceQuality "1"]

1. d4 Nf6 2. Nf3 d6 3. g3 b6 4. Bg2 Bb7 5. 0-0 Nbd7 6. Re1 g6 7. c3 Bg7 8. Bg5 0-0 9. Bxf6 Nxf6 10. Nbd2 d5 11. Rb1 Rb8 12. a3 b5 13. b4 Re8 14. Ne5 Qd6 15. e3 Ne4 16. Nxe4 dxe4 17. f3 exf3 18. Nxf3 Be4 19. Rb2 h6 20. Rd2 Rbd8 21. Rf2 f5 22. Nd2 Bxg2 23. Kxg2 e5 24. Nf3 Qd5 25. Kg1 Bf6 26. Ree2 Kg7 27. Rd2 e4 28. Ne1 Qd6 29. a4 Bg5 30. Ng2 Qc6 31. Qc2 bxa4 32. Nf4 Qc4 33. Rf1 Rd6 34. Ra1 Ra6 35. Rxa4 h5 36. Rxa6 Qxa6 37. h4 Bxf4 38. gxf4 Qa1+ 39. Rd1 Qa6 40. Rd2 Qf6 41. Rh2 a6 42. Qg2 Rb8 43. Qa2 Qc6 44. Kg2 Qxc3 45. Qxa6 Qd2+ 46. Kh1 Qe1+ 47. Kg2 Rxb4 48. Qf1 Qxe3 49. Rh3 Qxd4 50. Rg3 Rb2+ 51. Kh3 Rf2 52. Qg1 Qd2 53. Rg2 Rxg2 54. Qxg2 Qxg2+ 55. Kxg2 c5 56. Kf2 c4 57. Ke2 0-1

[Event "Bad Griesbach Seniors op 14th"]
[Site "Bad Griesbach"]
[Date "2011.12.07"]
[Round "4"]
[White "Jurgan, Brigitte"]
[Black "Zeiger, Frank"]
[Result "0-1"]
[WhiteElo "1239"]
[BlackElo "1475"]
[PlyCount "70"]
[EventDate "2011.12.04"]
[EventType "swiss"]
[EventRounds "7"]
[EventCountry "GER"]
[SourceTitle "EXT 2015"]
[Source "ChessBase"]
[SourceDate "2014.11.20"]
[SourceVersion "1"]
[SourceVersionDate "2014.11.20"]
[SourceQuality "1"]

1. d4 d5 2. Nf3 e6 3. c3 Bd6 4. g3 Ne7 5. Bg2 Nd7 6. 0-0 b6 7. Re1 Bb7 8. b4 0-0 9. Bg5 f6 10. Bc1 c5 11. a3 e5 12. dxe5 fxe5 13. Bg5 h6 14. Bxe7 Qxe7 15. b5 e4 16. Nfd2 e3 17. Nf3 exf2+ 18. Kxf2 Ne5 19. Kg1 Ng4 20. Qd2 Ne3 21. Kf2 Rae8 22. Kg1 d4 23. a4 Nxg2 24. Kxg2 Bxf3+ 25. exf3 Qxe1 26. Qxe1 Rxe1 27. cxd4 cxd4 28. f4 Rc8 29. Kf2 Rcc1 30. f5 Rxb1 31. Rxb1 Rxb1 32. Ke2 Bc5 33. h4 Rb3 34. g4 Rh3 35. h5 d3+ 0-1

[Event "Bayern-ch Seniors 22nd"]
[Site "Bergen"]
[Date "2010.06.12"]
[Round "1"]
[White "Jurgan, Brigitte"]
[Black "Harke, Horst"]
[Result "0-1"]
[WhiteElo "1189"]
[BlackElo "1698"]
[PlyCount "94"]
[EventDate "2010.06.12"]
[EventType "swiss"]
[EventRounds "9"]
[EventCountry "GER"]
[SourceTitle "EXT 2011"]
[Source "ChessBase"]
[SourceDate "2010.11.26"]
[SourceVersion "1"]
[SourceVersionDate "2010.11.26"]
[SourceQuality "1"]

1. d4 d5 2. Nf3 c6 3. c3 Nf6 4. g3 h6 5. Bg2 e6 6. 0-0 Be7 7. Bf4 0-0 8. Re1 Nbd7 9. Ne5 c5 10. Nxd7 Nxd7 11. Be3 cxd4 12. cxd4 Nf6 13. Bd2 Bd7 14. e3 Rc8 15. Nc3 Qb6 16. Qb3 Qxb3 17. axb3 a6 18. e4 Bb4 19. e5 Nh7 20. Rec1 Rfe8 21. Be3 Bxc3 22. Rxc3 Rxc3 23. bxc3 Bc6 24. b4 Bb5 25. Bf1 Bxf1 26. Kxf1 Rc8 27. Bd2 Nf8 28. f4 Kh7 29. Ra5 Nd7 30. Be1 Kg6 31. g4 f5 32. h3 Nb6 33. Rc5 Rc6 34. Rxc6 bxc6 35. Ke2 fxg4 36. hxg4 h5 37. gxh5+ Kxh5 38. Kd3 Kg4 39. Bd2 g6 40. Bc1 Kf3 41. Bd2 Na8 42. c4 Nc7 43. c5 Ne8 44. Bc1 Ng7 45. Kc3 Kg4 46. Bd2 Nh5 47. b5 axb5 0-1

[Event "Bayern-ch Seniors 21st"]
[Site "Bergen"]
[Date "2009.06.27"]
[Round "8"]
[White "Jurgan, Brigitte"]
[Black "Sandner, Josef"]
[Result "0-1"]
[WhiteElo "1173"]
[BlackElo "1456"]
[PlyCount "121"]
[EventDate "2009.06.20"]
[EventType "swiss"]
[EventRounds "9"]
[EventCountry "GER"]
[SourceTitle "EXT 2015"]
[Source "ChessBase"]
[SourceDate "2014.11.20"]
[SourceVersion "1"]
[SourceVersionDate "2014.11.20"]
[SourceQuality "1"]

1. d4 d5 2. Nf3 e6 3. c3 f5 4. Bf4 Nf6 5. Nbd2 c6 6. g3 Be7 7. Bg2 0-0 8. Nb3 Ne4 9. Nbd2 Nd7 10. Nxe4 fxe4 11. Ne5 g5 12. Nxd7 Bxd7 13. Be5 Bf6 14. e3 Qe8 15. 0-0 Qg6 16. Bh3 Bxe5 17. dxe5 Rf3 18. Bg4 Rff8 19. f3 h5 20. Bh3 Rf7 21. Rf2 Raf8 22. f4 g4 23. Bf1 Bc8 24. Rc1 Rh7 25. Rcc2 Kh8 26. Rg2 Qh6 27. Qe1 Bd7 28. Rcd2 Be8 29. b4 a6 30. a3 Bg6 31. a4 Be8 32. a5 Rg8 33. Rb2 Qf8 34. Rbc2 Qe7 35. Rcd2 Rg6 36. Rb2 Rgh6 37. Rbd2 Bg6 38. Be2 Bf5 39. Bf1 h4 40. Rb2 hxg3 41. Rxg3 Qf8 42. Rbg2 Rh4 43. Qd2 Qh6 44. Qf2 Rh3 45. Be2 Rxg3 46. Qxg3 Qh4 47. Qxh4 Rxh4 48. Rg3 Kg7 49. Kg2 Kf8 50. Kg1 Ke7 51. Kg2 Kd8 52. Bf1 Kc7 53. Be2 Kb8 54. Kg1 Ka7 55. Kg2 b6 56. Kg1 Kb7 57. axb6 Kxb6 58. Kg2 a5 59. bxa5+ Kxa5 60. c4 Kb4 61. cxd5 0-1

[Event "Bayern-ch Seniors 20th"]
[Site "Bergen"]
[Date "2008.06.15"]
[Round "9.45"]
[White "Ludwig, Egbert"]
[Black "Jurgan, Brigitte"]
[Result "1/2-1/2"]
[WhiteElo "1271"]
[BlackElo "1152"]
[PlyCount "35"]
[EventDate "2008.06.07"]
[EventType "swiss"]
[EventRounds "9"]
[EventCountry "GER"]
[SourceTitle "EXT 2022"]
[Source "ChessBase"]
[SourceDate "2021.10.06"]
[SourceVersion "1"]
[SourceVersionDate "2021.10.06"]
[SourceQuality "1"]

1. d4 d5 2. Nf3 e6 3. g3 Nf6 4. Bg2 Nc6 5. c4 Bb4+ 6. Bd2 Bxd2+ 7. Nbxd2 Rb8 8. Qc2 Nb4 9. Qa4+ Nc6 10. 0-0 0-0 11. Rfe1 Bd7 12. Rac1 a6 13. Qc2 Nb4 14. Qb1 Ba4 15. b3 Bd7 16. a3 Nc6 17. e4 dxc4 18. Nxc4 1/2-1/2

[Event "Bayern-ch Seniors 20th"]
[Site "Bergen"]
[Date "2008.06.07"]
[Round "1.44"]
[White "Jurgan, Brigitte"]
[Black "Holiga, Friedrich"]
[Result "0-1"]
[WhiteElo "1152"]
[BlackElo "1700"]
[PlyCount "80"]
[EventDate "2008.06.07"]
[EventType "swiss"]
[EventRounds "9"]
[EventCountry "GER"]
[SourceTitle "EXT 2022"]
[Source "ChessBase"]
[SourceDate "2021.10.06"]
[SourceVersion "1"]
[SourceVersionDate "2021.10.06"]
[SourceQuality "1"]

1. d4 d5 2. Nf3 Nf6 3. g3 Bf5 4. Bg2 e6 5. Bg5 h6 6. Bxf6 Qxf6 7. 0-0 Bd6 8. e3 Nd7 9. Nbd2 c6 10. c3 Bg4 11. Qb1 Bf5 12. Qe1 Bd3 13. e4 Bxf1 14. Kxf1 dxe4 15. Nxe4 Qe7 16. Nxd6+ Qxd6 17. Rd1 0-0 18. Ne5 Nxe5 19. dxe5 Qc7 20. f4 Rad8 21. Rxd8 Rxd8 22. Bf3 Qd7 23. Be2 Qd2 24. b4 Qxe1+ 25. Kxe1 Kf8 26. a4 Ke7 27. b5 c5 28. c4 f6 29. h3 Rd4 30. exf6+ Kxf6 31. a5 h5 32. Bxh5 Rxc4 33. Be2 Ra4 34. a6 bxa6 35. bxa6 e5 36. fxe5+ Kxe5 37. g4 Kf4 38. Kd1 Kg3 39. Bb5 Ra1+ 40. Kc2 Kxh3 0-1